| 000 | 00960nam a22002777a 4500 | ||
|---|---|---|---|
| 001 | 200460190 | ||
| 003 | TR-AnTOB | ||
| 005 | 20240517133006.0 | ||
| 008 | 240517b tu ||||| |||| 00| 0 tur d | ||
| 020 | _a9789752421424 | ||
| 040 |
_aTR-AnTOB _beng _erda _cTR-AnTOB |
||
| 041 | _atur | ||
| 092 |
_a567.9 _bLEP 2018 |
||
| 100 |
_q Lepetit, Emmanuelle _d1973-. |
||
| 245 |
_aDinazorlar / _cEmmanuelle Lepetit ; resimler: Lucile Ahrweiller ; editör: Muhammet Cüneyt Özcan, Cihan Bahadır Gürelik ; redaksiyon: Nermin Çoban, Eşref Usalp ; Türkçesi: Şule Kulein. |
||
| 260 |
_aİstanbul : _bParıltı Yayıncılık, _c2018. |
||
| 300 |
_a45 Pages.: _bill.; _c23 cm. |
||
| 336 |
_atext _btxt _2rdacontent |
||
| 337 |
_aunmediated _bn _2rdamedia |
||
| 338 |
_avolume _bnc _2rdacarrier |
||
| 490 |
_aParıltı Yayıncılık, Çocuklar için ; _v3 |
||
| 653 | _aDinozorlar | ||
| 942 |
_2ddc _cBK |
||
| 999 |
_c200460190 _d78402 |
||